| 000 | 00853nam a22002657a 4500 | ||
|---|---|---|---|
| 999 |
_c6818 _d6818 |
||
| 003 | AR-CdUCM | ||
| 008 | 190319b ||||| |||| 00| 0 spa d | ||
| 020 | _a84-205-0383-5 | ||
| 020 | _a0-582-44253-2 | ||
| 040 |
_aMUNICIPALIDAD PROVINCIAL DEL CUSCO _cBIBLIOTECA MUNICIPAL DEL CUSCO |
||
| 041 | _heng | ||
| 082 |
_a541 / _bY78 |
||
| 100 |
_aYoung, D. W. _919215 |
||
| 245 | _aQuĂmica de los Heterociclos / | ||
| 260 |
_aMadrid : _bAlhambra, _c1981. |
||
| 300 |
_a185 paginas ; _bGraficos, tablas, _c20cm. |
||
| 440 |
_aExedra - ciencia tecnica ingenieria _n122 _919216 |
||
| 505 | _aContenido: ciclicos -- heterociclos -- aromaticidad -- compuestos -- benceno... | ||
| 650 |
_aQuimica _94512 |
||
| 650 |
_aHeterociclos _919217 |
||
| 650 |
_aAromaticidad _919022 |
||
| 700 |
_aGarcia Lopez, M. T. _919218 |
||
| 942 |
_2ddc _cLIBROS |
||
| 945 | _apjha | ||